Muchas luces y algunas sombras del reglamento de actuación de procesos colectivos (Registro nro. 30468)

Detalles MARC
000 -LEADER
fixed length control field 00386 a2200109 4500
001 - CONTROL NUMBER
control field ART_39377
005 - DATE AND TIME OF LATEST TRANSACTION
control field 20260410161952.0
008 - FIXED-LENGTH DATA ELEMENTS--GENERAL INFORMATION
fixed length control field 260409a
100 1# - MAIN ENTRY--PERSONAL NAME
Personal name Alvarez Larrondo, Federico M.
245 10 - TITLE STATEMENT
Title Muchas luces y algunas sombras del reglamento de actuación de procesos colectivos
773 0# - HOST ITEM ENTRY
Title Temas de derecho comercial
Related parts - Año 2, Nº 6 (jun. 2016)
Record control number REV28151

No hay ítems disponibles.